LEADER 01070nam0-2200337---450- 001 990009617090403321 005 20120907095619.0 010 $a8878089060 035 $a000961709 035 $aFED01000961709 035 $a(Aleph)000961709FED01 035 $a000961709 100 $a20120907d1995----km-y0itay50------ba 101 0 $aita 105 $a--------001yy 200 1 $a<>Parchi e le Alpi$estoria, vocazioni, destini e contraddizioni delle aree protette alpine$fCentro di ecologia alpina, Coordinamento nazionale parchi$ga cura di Michela Zucca e Furio Chiaretta 210 $aTorino$cVivalda$dstampa 1995 215 $a151 p.$cill.$d21 cm 610 0 $aParchi naturali$aAlpi 676 $a719 702 1$aZucca,$bMichela 702 1$aChiaretta,$bFurio 710 02$aCentro di ecologia alpina$0517486 711 02$aCoordinamento nazionale parchi$0517487 801 0$aIT$bUNINA$gRICA$2UNIMARC 901 $aBK 912 $a990009617090403321 952 $a59.1-8$fDMVBF 959 $aDMVBF 996 $aParchi e le Alpi$9849642 997 $aUNINA LEADER 01991nas 2200589- 450 001 9910297056503321 005 20240810213015.0 035 $a(OCoLC)1018193303 035 $a(CKB)3810000000289324 035 $a(CONSER)--2019204276 035 $a(DE-599)ZDB2919974-8 035 $a(EXLCZ)993810000000289324 100 $a20170323a20179999 --- a 101 0 $aeng 135 $aur||||||||||| 181 $ctxt$2rdacontent 182 $cc$2rdamedia 183 $acr$2rdacarrier 200 00$aJournal of capital markets studies 210 1$a[Bingley] :$cEmerald Publishing Limited,$d2017- 300 $aRefereed/Peer-reviewed 311 08$a2514-4774 517 3 $aJCMS 531 0 $aJ. cap. mark. stud. 606 $aCapital market$vPeriodicals 606 $aInternational finance$vPeriodicals 606 $aInternational economic relations$vPeriodicals 606 $aCapital market (Islamic law)$vPeriodicals 606 $aCapital market$2fast$3(OCoLC)fst00846356 606 $aCapital market (Islamic law)$2fast$3(OCoLC)fst01747227 606 $aInternational economic relations$2fast$3(OCoLC)fst00976891 606 $aInternational finance$2fast$3(OCoLC)fst00976945 606 $aMarché financier$vPériodiques 606 $aMarché financier (Droit islamique)$vPériodiques 608 $aPeriodicals.$2fast 615 0$aCapital market 615 0$aInternational finance 615 0$aInternational economic relations 615 0$aCapital market (Islamic law) 615 7$aCapital market. 615 7$aCapital market (Islamic law) 615 7$aInternational economic relations. 615 7$aInternational finance. 615 6$aMarché financier 615 6$aMarché financier (Droit islamique) 676 $a332.0415 686 $a330$2sdnb 712 02$aTürkiye Sermaye Piyasalar? Birli?i, 906 $aJOURNAL 912 $a9910297056503321 996 $aJournal of capital markets studies$92256669 997 $aUNINA